000 00600cam a22002291 4500
001 sa 64002772
003 DLC
005 20260227112012.0
008 930628s1960 ii c 000 0abenx
010 _asa 64002772
035 _a(OCoLC)28592789
040 _aDLC
_cNIC
_dOCoLC
_dDLC
042 _apremarc
050 0 0 _aML420.A35
_bA4
100 1 _aĀhamada, Ābbāsauddīna,
_d1901-1959
245 1 0 _aĀmāra śilpī jībanera kathā.
260 _c[1960]
300 _a175 p.
_bport.
_c22 cm.
500 _aIn Bengali.
500 _aAutobiographical.
650 0 _aMusicians
_vCorrespondence.
999 _c57501
_d57501